Stati d'Europa in ordine alfabetico - Statistics

Statistiche generali
  • Questo quiz è stato fatto 166 volte
  • Il punteggio medio è 35 su 44
Statistiche sulle risposte
Lettera iniziale Stato % Corretto
A Albania
95%
A Andorra
90%
B Belgio
88%
A Austria
86%
I Italia
84%
D Danimarca
83%
E Estonia
83%
F Finlandia
83%
F Francia
83%
G Germania
83%
L Lettonia
83%
L Lituania
83%
B Bielorussia
82%
B Bulgaria
82%
L Lussemburgo
80%
N Norvegia
80%
P Polonia
80%
I Irlanda
79%
L Liechtenstein
79%
M Macedonia del Nord
79%
P Portogallo
79%
B Bosnia ed Erzegovina
78%
C Croazia
78%
I Islanda
78%
R Romania
78%
S Slovenia
78%
G Grecia
77%
R Russia
77%
U Ungheria
76%
M Malta
75%
M Montenegro
75%
P Paesi Bassi
75%
S San Marino
75%
S Slovacchia
75%
S Spagna
75%
S Svizzera
75%
M Moldavia
74%
U Ucraina
74%
C Città del Vaticano
73%
M Monaco
73%
S Serbia
73%
S Svezia
73%
R Repubblica Ceca
72%
R Regno Unito
63%
Nessun quiz corrispondente trovato
Distribuzione punteggi
Percentuale di utenti per punteggio
Percentile per numero di risposta
I tuoi punteggi nel tempo
Non hai fatto questo quiz